Akumulácia ľudského kapitálu a jej význam v kontexte vplyvu na ekonomický rast

Význam akumulácie ľudského kapitálu z pohľadu rastu hrubého domáceho produktu v slovenskej ekonomike. Modifikovaný tvar Cobbovej - Douglasovej produkčnej funkcie. Stručná charakteristike pojmu "ľudský kapitál" v zmysle Minzerovej rovnice. Vývoj vybraných ukazovateľov trhu práce v slovenskej ekonomik...

Ausführliche Beschreibung

Gespeichert in:
Bibliographische Detailangaben
1. Verfasser: Surmanová, Kvetoslava
Weitere Verfasser: Reiff, Marian, 1978-, Ivaničová, Zlatica
Format: Buchkapitel
Sprache:Slowakisch
Schlagworte:
Tags: Tag hinzufügen
Keine Tags, Fügen Sie das erste Tag hinzu!

MARC

LEADER 00000nla a2200000 4500
001 0237741
005 20240502073838.0
041 0 |a slo 
044 |a SK 
245 1 0 |a Akumulácia ľudského kapitálu a jej význam v kontexte vplyvu na ekonomický rast  |c Kvetoslava Surmanová, Marian Reiff, Zlatica Ivaničová 
520 |a Význam akumulácie ľudského kapitálu z pohľadu rastu hrubého domáceho produktu v slovenskej ekonomike. Modifikovaný tvar Cobbovej - Douglasovej produkčnej funkcie. Stručná charakteristike pojmu "ľudský kapitál" v zmysle Minzerovej rovnice. Vývoj vybraných ukazovateľov trhu práce v slovenskej ekonomike za obdobie 1998 – 2016. Empirická analýza významu akumulácie ľudského kapitálu na vývoj slovenskej ekonomiky. 
610 2 0 |a kapitál ľudský 
610 2 0 |a akumulácia 
610 2 0 |a obyvateľstvo 
610 2 0 |a vzdelanie 
610 2 0 |a vzdelávanie sekundárne 
610 2 0 |a vzdelávanie terciárne 
610 2 0 |a rast hospodársky 
610 2 0 |a mzdy 
610 2 0 |a modely ekonometrické 
100 1 |a Surmanová, Kvetoslava 
700 1 |a Reiff, Marian, 1978- 
700 1 |a Ivaničová, Zlatica